Statistics for Top 20 Brasilian goal scorers in Champions League

Click here to take the quiz!

General Stats

  • This quiz has been taken 3,158 times
    (2,824 since last reset)
  • The average score is 9 of 21

Answer Stats

PositionPlayerGoalsFor which clubs% Correct
FWRonaldo14Inter Milan, Real Madrid
93%
MDKaka30AC Milan, Real Madrid
90%
FWRonaldinho18FC Barcelona, AC Milan
86%
FWNeymar16FC Barcelona
81%
FWRivaldo27FC Barcelona, AC Milan, Olympiacos
79%
FWHulk16FC Porto, Zenit
65%
MDJuninho Pernambucano18Lyon
61%
FWAdriano14Inter Milan
56%
DFRoberto Carlos16Real Madrid
52%
FWRobinho9Real Madrid, AC Milan
46%
MDWillian13Shakhtar Donetsk, Chels
42%
FWGiovane Elber25Bayern Munich, Lyon
33%
FWLuiz Adriano20Shakhtar Donetsk
30%
FWJardel25FC Porto, Galatasaray
25%
FWSonny Anderson13FC Barcelona, Lyon
17%
FWGiovanni12FC Barcelona, Olympiakos
10%
MDAlex Teixeira9Shakhtar Donetsk
9%
FWJonas9FC Valencia
9%
MDSavio11Real Madrid, Anorthosis
7%
FWJadson9Shakhtar Donetsk
5%
FWPaulo Sergio11Bayern Munich
5%

Score Distribution

Percentile by Number Answered

Percent of People with Each Score

Your Score History

You have not taken this quiz since the last reset